La religiosa en el mundo de hoy / (Registro nro. 128714)

Detalles MARC
000 -LEADER
campo de control de longitud fija 00552nam a2200193 i 4500
001 - NÚMERO DE CONTROL
campo de control 128714
003 - IDENTIFICADOR DE NÚMERO DE CONTROL
campo de control ES-MaACL
005 - FECHA Y HORA DE LA ÚLTIMA TRANSACCIÓN
campo de control 20230906193340.0
007 - CAMPO FIJO DE DESCRIPCIÓN FÍSICA--INFORMACIÓN GENERAL
campo de control de longitud fija t|
008 - DATOS DE LONGITUD FIJA--INFORMACIÓN GENERAL
campo de control de longitud fija 070524s1972 sp |||| | spa d
080 ## - NÚMERO DE LA CLASIFICACIÓN DECIMAL UNIVERSAL
Número de la Clasificación Decimal Universal 248.122
100 1# - ENTRADA PRINCIPAL--NOMBRE DE PERSONA
Nombre de persona Tate, Judit.
9 (RLIN) 109381
245 13 - MENCIÓN DEL TÍTULO
Título La religiosa en el mundo de hoy /
Mención de responsabilidad, etc. por Judit Tate ; [traducción de José M. Aduriz].
260 ## - PUBLICACIÓN, DISTRIBUCIÓN, ETC.
Lugar de publicación, distribución, etc. Santander :
Nombre del editor, distribuidor, etc. Sal Terrae,
Fecha de publicación, distribución, etc. [1972]
300 ## - DESCRIPCIÓN FÍSICA
Extensión 154 p. ;
Dimensiones 19 cm.
650 14 - PUNTO DE ACCESO ADICIONAL DE MATERIA--TÉRMINO DE MATERIA
Término de materia o nombre geográfico como elemento de entrada Religiosas.
9 (RLIN) 16826
700 1# - ENTRADA AGREGADA--NOMBRE PERSONAL
Nombre de persona Aduriz, José M.
9 (RLIN) 18497
852 ## - LOCALIZACIÓN
Ubicación ES-MaACL
Número de control de estantería C-50714
Existencias
Estatus retirado Estado de pérdida Estado de daño No para préstamo Biblioteca de origen Biblioteca actual Ubicación en estantería Fecha de adquisición Fuente de adquisición Total de préstamos Signatura topográfica completa Código de barras Visto por última vez Precio de reemplazo Tipo de ítem Koha
        Biblioteca del Ateneo de Madrid Biblioteca del Ateneo de Madrid Depósito 2 17/01/2008     C-50714 1134046 23/02/2023 23/02/2023 Libro impreso